| 000 | 00765 a2200265 4500 | ||
|---|---|---|---|
| 003 | CBULib | ||
| 005 | 20260128101824.0 | ||
| 008 | 260128b |||||||| |||| 00| 0 eng d | ||
| 020 | _a9781473982161 | ||
| 040 |
_bEnglish _cCBULib _erda |
||
| 041 | _aeng | ||
| 050 | _aLB 2351 Red | ||
| 100 | _aRedman, Peter | ||
| 245 |
_aGood essay writing : a social sciences guide _c/ by Peter Redman and Wendy Maples |
||
| 250 | _aFifth edition | ||
| 260 |
_bSAGE, _c2017 _aLondon : |
||
| 300 | _ax, 184 pages : illustrations | ||
| 336 |
_2rdacontent _aText | _btxt |
||
| 337 |
_2rdamedia _aUnmediated | _bn |
||
| 338 |
_2rdacarrier _aVolume _bnc |
||
| 650 | 0 |
_95265 _aESSAY |
|
| 650 | 0 |
_94134 _aACADEMIC WRITING |
|
| 700 |
_95266 _aMaples, Wendy |
||
| 942 |
_2lcc _c002 |
||
| 999 |
_c86627 _d86627 |
||